| 000 | 00654nam a2200265Ia 4500 | ||
|---|---|---|---|
| 008 | 171025s9999 xx 000 0 und d | ||
| 020 | _a965827224 | ||
| 050 | _a306.87 | ||
| 050 | _bSn673 1988 | ||
| 100 | _aSnook, Randy | ||
| 245 | _aFathers & sons : | ||
| 245 | _bphotographs, quotes and essays / | ||
| 245 | _cby Randy Snook. | ||
| 250 | _aFirst edition | ||
| 260 | _aSacramento, CA : | ||
| 260 | _bVisual Press, | ||
| 260 | _c1997 | ||
| 300 | _a138 pages : | ||
| 300 | _billustrations ; | ||
| 300 | _c25cm. | ||
| 650 | _aFathers and sons -- | ||
| 650 | _xPhotograph. | ||
| 700 | _aTitle : Fathers and sons. | ||
| 700 | _aTitle. | ||
| 999 |
_c344591 _d344591 |
||